[Event "Moscow op (Women) 17th"]
[Site "Moscow"]
[Date "2021.02.26"]
[Round "7"]
[White "Khachatryan, Marieta"]
[Black "Lyutsinger, Iren"]
[Result "1-0"]
[WhiteElo "1830"]
[BlackElo "1415"]
[PlyCount "89"]
[EventDate "2021.02.20"]
[EventType "swiss"]
[EventRounds "9"]
[EventCountry "RUS"]
[SourceTitle "CBM 200 Extra"]
[Source "ChessBase"]
[SourceDate "2021.03.31"]
[SourceVersion "1"]
[SourceVersionDate "2021.03.31"]
[SourceQuality "1"]

1. Nf3 Nf6 2. c4 g6 3. Nc3 Bg7 4. e4 d6 5. d4 0-0 6. Be2 c5 7. 0-0 Nc6 8. d5 Na5 9. Bf4 Bg4 10. b3 Nh5 11. Bd2 Nf4 12. Rc1 Nxe2+ 13. Qxe2 e5 14. h3 Bd7 15. Ne1 f5 16. Nd3 f4 17. f3 b6 18. Nd1 Nb7 19. b4 g5 20. bxc5 Nxc5 21. Nxc5 bxc5 22. Rb1 Rb8 23. Nf2 h5 24. Qd3 Qf6 25. Qa3 g4 26. fxg4 hxg4 27. hxg4 Qh4 28. Qh3 Bf6 29. Ba5 Kf7 30. Rxb8 Rxb8 31. Bc7 Qxh3 32. gxh3 Rb2 33. Bxd6 Rxa2 34. Bxc5 Bh4 35. Nd3 Kf6 36. Bd6 Bg3 37. Bxe5+ Kg5 38. Bxf4+ Bxf4 39. Nxf4 Rc2 40. c5 Rxc5 41. Ne6+ Bxe6 42. dxe6 Kh4 43. Rf5 Rc7 44. Kg2 Re7 45. Rh5# 1-0

[Event "Moscow op (Women) 17th"]
[Site "Moscow"]
[Date "2021.02.21"]
[Round "2"]
[White "Kochukova, Anna"]
[Black "Khachatryan, Marieta"]
[Result "1-0"]
[WhiteElo "2091"]
[BlackElo "1830"]
[PlyCount "130"]
[EventDate "2021.02.20"]
[EventType "swiss"]
[EventRounds "9"]
[EventCountry "RUS"]
[SourceTitle "CBM 200 Extra"]
[Source "ChessBase"]
[SourceDate "2021.03.31"]
[SourceVersion "1"]
[SourceVersionDate "2021.03.31"]
[SourceQuality "1"]

1. e4 c6 2. d4 d5 3. Nc3 dxe4 4. Nxe4 Bf5 5. Ng3 Bg6 6. N1e2 Nf6 7. Nf4 e5 8. Nxg6 hxg6 9. Be3 exd4 10. Qxd4 Nbd7 11. 0-0-0 Qa5 12. Bc4 Bc5 13. Qf4 0-0 14. Bd2 Qb6 15. h4 Bd4 16. c3 Be5 17. Qf3 Qc5 18. Bb3 Bxg3 19. Qxg3 Qf5 20. Bc2 Qg4 21. Qh2 Qc4 22. Bb3 Qe2 23. f3 Nc5 24. Bc2 Rad8 25. Bg5 Rxd1+ 26. Rxd1 Nh7 27. Bf4 Ne6 28. Bd6 Rd8 29. h5 g5 30. h6 g6 31. Qg1 b6 32. Bd3 Qxd1+ 33. Kxd1 Rxd6 34. Kc2 Nhf8 35. Qe3 Kh7 36. Qe5 Rd5 37. Qb8 Rd7 38. Bc4 Rc7 39. Qe8 g4 40. f4 g3 41. a4 a6 42. Bxa6 Kxh6 43. Bc4 Kg7 44. Bxe6 Nxe6 45. Qb8 Rd7 46. Qe5+ Kf8 47. Qh8+ Ke7 48. Qh4+ Kf8 49. Qxg3 Nc5 50. Qh3 Ke7 51. b3 Ne4 52. Qe3 f5 53. b4 c5 54. Kb3 Kd8 55. Qh3 Nd2+ 56. Kc2 Ne4 57. Qh8+ Kc7 58. Qe5+ Kb7 59. g4 Rd2+ 60. Kc1 Re2 61. Qg7+ Kb8 62. Qxg6 Re1+ 63. Kb2 Re2+ 64. Ka3 Nd2 65. Qxb6+ Ka8 1-0

[Event "Moscow op (Women) 16th"]
[Site "Moscow"]
[Date "2020.01.29"]
[Round "5"]
[White "Khachatryan, Marieta"]
[Black "Krikunova, Olesya"]
[Result "1-0"]
[WhiteElo "1761"]
[BlackElo "1943"]
[PlyCount "85"]
[EventDate "2020.01.25"]
[EventType "swiss"]
[EventRounds "9"]
[EventCountry "RUS"]
[SourceTitle "CBM 194 Extra"]
[Source "ChessBase"]
[SourceDate "2020.03.31"]
[SourceVersion "1"]
[SourceVersionDate "2020.03.31"]
[SourceQuality "1"]

1. Nf3 d6 2. d4 Nf6 3. c4 g6 4. Nc3 Bg7 5. e4 0-0 6. Be2 c6 7. 0-0 Nbd7 8. Be3 e5 9. d5 Ne8 10. dxc6 bxc6 11. c5 Qe7 12. cxd6 Nxd6 13. Qd2 f5 14. Rad1 Nf7 15. exf5 gxf5 16. Bg5 Nxg5 17. Qxg5 Qe6 18. Qh4 Nb6 19. Ng5 Qg6 20. Nf3 Bb7 21. Qe7 Rf7 22. Rd8+ Bf8 23. Qe8 Rxd8 24. Qxd8 Rg7 25. Nh4 Qe6 26. Rd1 e4 27. Qb8 Bc8 28. a4 Nd5 29. Bc4 Bb7 30. Nxd5 cxd5 31. Qxb7 Rxb7 32. Bxd5 Qxd5 33. Rxd5 Rxb2 34. g3 Ra2 35. Ra5 Bb4 36. Rxa7 Bc5 37. Ra8+ Kf7 38. Nxf5 Rxf2 39. Nd6+ Ke6 40. Nxe4 Rc2+ 41. Nxc5+ Rxc5 42. a5 Kf6 43. a6 1-0

[Event "Moscow-ch final (Women)"]
[Site "Moscow"]
[Date "2019.04.06"]
[Round "8"]
[White "Kruglikova, Viktorija"]
[Black "Khachatryan, Marieta"]
[Result "0-1"]
[WhiteElo "1786"]
[BlackElo "1856"]
[PlyCount "86"]
[EventDate "2019.03.30"]
[EventType "swiss"]
[EventRounds "9"]
[EventCountry "RUS"]
[SourceTitle "CBM 189 Extra"]
[Source "ChessBase"]
[SourceDate "2019.06.03"]
[SourceVersion "1"]
[SourceVersionDate "2019.06.03"]
[SourceQuality "1"]

1. e4 c6 2. Nf3 d5 3. exd5 cxd5 4. Ne5 Nf6 5. d4 Nc6 6. Bb5 Bd7 7. Nxd7 Qxd7 8. c3 e6 9. 0-0 Bd6 10. Nd2 0-0 11. Nf3 a6 12. Bd3 h6 13. Qe2 Qc7 14. Re1 Nd7 15. Bc2 e5 16. Nxe5 Ncxe5 17. dxe5 Bxe5 18. Qh5 Rfe8 19. Bxh6 gxh6 20. Qxh6 Bg7 21. Qh7+ Kf8 22. Qf5 Nf6 23. g4 Qc6 24. g5 Ne4 25. Rad1 Re5 26. Qf4 Rxg5+ 27. Kf1 Qf6 28. Qxf6 Nxf6 29. f4 Rg4 30. f5 Re8 31. Rxe8+ Kxe8 32. Kf2 Rc4 33. Kf3 b5 34. Bd3 Rc8 35. a4 bxa4 36. Bxa6 Rb8 37. Rd2 Rb3 38. Re2+ Kd7 39. Ke3 a3 40. bxa3 Rxc3+ 41. Kf4 Rxa3 42. Bb5+ Kd6 43. Rc2 Bh6# 0-1

[Event "Moscow-ch final (Women)"]
[Site "Moscow"]
[Date "2019.04.04"]
[Round "6"]
[White "Soblirova, Sabina"]
[Black "Khachatryan, Marieta"]
[Result "0-1"]
[WhiteElo "1516"]
[BlackElo "1856"]
[PlyCount "110"]
[EventDate "2019.03.30"]
[EventType "swiss"]
[EventRounds "9"]
[EventCountry "RUS"]
[SourceTitle "CBM 189 Extra"]
[Source "ChessBase"]
[SourceDate "2019.06.03"]
[SourceVersion "1"]
[SourceVersionDate "2019.06.03"]
[SourceQuality "1"]

1. d4 d5 2. c4 dxc4 3. Nf3 Nf6 4. e3 e6 5. Bxc4 c5 6. 0-0 a6 7. a4 Nc6 8. Qe2 Qc7 9. Nc3 Bd6 10. dxc5 Bxc5 11. Rd1 0-0 12. b3 b6 13. Bb2 Bb7 14. Rac1 Qe7 15. Ng5 Ne5 16. Bd3 Nxd3 17. Rxd3 Rfd8 18. Rcd1 h6 19. Nh3 e5 20. e4 Bd4 21. Nd5 Nxd5 22. exd5 Bxb2 23. Qxb2 Rd6 24. Qe2 Rad8 25. Nf4 Qg5 26. Nh3 Qf5 27. g4 Qf6 28. Rf3 Qg6 29. Qxe5 Qxg4+ 30. Qg3 Qxg3+ 31. fxg3 Rxd5 32. Rdf1 Rd2 33. R3f2 Rxf2 34. Nxf2 Rd2 35. Re1 Rb2 36. h4 Rxb3 37. Kh2 Bc6 38. Ra1 a5 39. Ng4 Rb4 40. Ne5 Bxa4 41. Rf1 f6 42. Ng6 Rd4 43. Rb1 Bc2 44. Ne7+ Kf7 45. Re1 Rd2+ 46. Kh3 b5 47. Re3 a4 48. Nc6 Bf5+ 49. g4 Rd3 50. Rxd3 Bxd3 51. Nb4 Be4 52. Kg3 a3 53. Kf4 Bb1 54. Ke3 a2 55. Nxa2 Bxa2 0-1

[Event "Kragero op"]
[Site "Kragero"]
[Date "2019.02.23"]
[Round "7"]
[White "Khachatryan, Marieta"]
[Black "Kizatbay, Abyl"]
[Result "0-1"]
[WhiteElo "1779"]
[BlackElo "2084"]
[PlyCount "112"]
[EventDate "2019.02.20"]
[EventType "swiss"]
[EventRounds "9"]
[EventCountry "NOR"]
[SourceTitle "CBM 189 Extra"]
[Source "ChessBase"]
[SourceDate "2019.06.03"]
[SourceVersion "1"]
[SourceVersionDate "2019.06.03"]
[SourceQuality "1"]

1. e4 c5 2. Nf3 Nc6 3. c3 Nf6 4. e5 Nd5 5. d4 cxd4 6. cxd4 d6 7. exd6 e6 8. Be2 Bxd6 9. 0-0 0-0 10. Nc3 Bd7 11. Nxd5 exd5 12. Qb3 Bg4 13. Be3 Na5 14. Qa4 Nc4 15. Bg5 Qc7 16. h3 Bd7 17. Qc2 h6 18. b3 Ne5 19. Qxc7 Nxf3+ 20. Bxf3 Bxc7 21. Be3 Be6 22. Rac1 Rac8 23. Rfd1 Rfd8 24. Kf1 Kf8 25. Rc2 Bd6 26. Rdc1 Rxc2 27. Rxc2 Ke7 28. Ke2 Kd7 29. Rc1 Ba3 30. Rc3 Bb4 31. Rc1 Bd6 32. g3 b5 33. g4 a5 34. Kd1 Ra8 35. Be2 Rb8 36. Rb1 f5 37. f3 fxg4 38. fxg4 Kc6 39. Bd2 Kb6 40. a4 Bd7 41. Kc2 Rf8 42. axb5 Rf2 43. Re1 Bxb5 44. Bxb5 Kxb5 45. Kd3 Rxd2+ 46. Kxd2 Bb4+ 47. Kd1 Bxe1 48. Kxe1 Kb4 49. Kd2 Kxb3 50. Kc1 Kc3 51. Kb1 Kxd4 52. Ka2 Kc3 53. Kb1 d4 54. Kc1 d3 55. Kd1 a4 56. Kc1 a3 0-1

[Event "Wch U12 Girls"]
[Site "Batumi"]
[Date "2016.10.26"]
[Round "7"]
[White "Khachatryan, Marieta"]
[Black "Shestakova, Ekaterina"]
[Result "0-1"]
[WhiteElo "1449"]
[BlackElo "1659"]
[PlyCount "96"]
[EventDate "2016.10.19"]
[EventType "swiss"]
[EventRounds "11"]
[EventCountry "GEO"]
[SourceTitle "EXT 2018"]
[Source "ChessBase"]
[SourceDate "2017.10.13"]
[SourceVersion "1"]
[SourceVersionDate "2017.10.13"]
[SourceQuality "1"]

1. e4 c5 2. Nf3 e6 3. d4 cxd4 4. Nxd4 Nf6 5. Nc3 d6 6. Be2 a6 7. Be3 Be7 8. 0-0 0-0 9. f4 Qc7 10. Qe1 b5 11. a3 Bb7 12. Bf3 Nbd7 13. Qg3 Nc5 14. f5 e5 15. Bh6 Ne8 16. Nde2 Kh8 17. Bg5 Bxg5 18. Qxg5 Nf6 19. Qh4 Qb6 20. Kh1 Qd8 21. Ng3 Nfxe4 22. Qh3 Nxg3+ 23. Qxg3 e4 24. Be2 d5 25. Rad1 d4 26. f6 gxf6 27. Rf5 Rg8 28. Qh4 Rg5 29. Rxc5 Rxc5 30. Nxe4 Bxe4 31. Qxe4 Re5 32. Qf3 Rc8 33. Bd3 Qe7 34. Qf2 Rd8 35. Rf1 Rd6 36. Bf5 Rdd5 37. g4 Kg7 38. Bd3 Rg5 39. Bf5 Kf8 40. Qf3 Re5 41. h4 Rg7 42. Qa8+ Qe8 43. Qxa6 Rxf5 44. Qd6+ Kg8 45. Rxf5 Qe1+ 46. Kg2 Rxg4+ 47. Kf3 Qe4+ 48. Kf2 Qxf5+ 0-1